Simulator for instruction pipelining

Gespeichert in:
Bibliographische Detailangaben
1. Verfasser: Dinja, Martin (Verfasst von)
Weitere Verfasser: Hudec, Ján (Betreuung Doktorarbeit)
Format: Manuskript Buch
Sprache:Slowakisch
Englisch
Veröffentlicht: 2025
Schlagworte:
Online-Zugang:http://is.stuba.sk/zp/portal_zp.pl?podrobnosti=175251
Tags: Tag hinzufügen
Keine Tags, Fügen Sie das erste Tag hinzu!

MARC

LEADER 00000ntm a22000003a 4500
001 stuzp102874
003 SK-STU
005 20250614211642.5
007 ta
008 150427s2015----xo-----f-mn---000-0-slo-d
040 |a STU  |b slo 
041 0 |a eng 
100 1 |a Dinja, Martin  |u 070400  |4 aut  |U FIIT Fakulta informatiky a informačných technológií  |T FIIT Ústav počítačového inžinierstva a aplikovanej informatiky  |X 120774  |U I400  |Y 672  |7 120774 
242 0 1 |a Simulátor prúdového spracovania inštrukcií  |y slo 
245 1 0 |a Simulator for instruction pipelining 
260 |c 2025 
650 4 |a Computer Architecture Education  |2 eng 
650 4 |a Web-based Simulator  |2 eng 
650 4 |a MIPS Architecture  |2 eng 
650 4 |a Instruction Pipelining  |2 eng 
650 4 |a MIPS architektúra  |2 slo 
650 4 |a Prúdové spracovanie inštrukcií  |2 slo 
650 4 |a Výučba počítačovej architektúry  |2 slo 
650 4 |a Webový simulátor  |2 slo 
700 1 |a Hudec, Ján  |u 070400  |k Z1  |4 ths  |U FIIT Fakulta informatiky a informačných technológií  |T FIIT Ústav počítačového inžinierstva a aplikovanej informatiky  |X 1995  |U I400  |Y 672  |7 A000001995 
856 4 |u http://is.stuba.sk/zp/portal_zp.pl?podrobnosti=175251